Statistics for The Walking Dead Causes of Death

Click here to take the quiz!

General Stats

  • This quiz has been taken 1,717 times
  • The average score is 9 of 15

Answer Stats

HintAnswer% Correct
Gets eaten alive while saving the life of Carol at the prisonTheodore Douglas
89%
Gets head cut off by The GovernorHerchell Greene
89%
Gets shot in the face by her sonLori grimes
85%
Gets insides taken out by walker that Carl teasedDale Horvath
84%
Gets stabbed in the heart by RickShane Walsh
83%
Gets bit in the shoulder by the walker version of miltonAndrea Harrison
80%
Gets bit, but confesses it after his leg was eaten by the people from terminusBob Stookey
70%
Gets shot in the head by DawnBeth Greene
62%
Gets bit twice in the arm by Noah's younger brotherTyreese Williams
61%
Gets bit in the arm while asking about toilet paperAmy Harrison
54%
Gets shot in the face by LillyThe Governor
49%
Gets shoved into a pit full of walkers by The GovenorCaesar Martinez
34%
Gets shot in the face by rick after killing a resident of alexandriaPete anderson
28%
Throat gets slit by angry resident of AlexandriaReg Monroe
25%
gets eaten alive by a whole group of walkers in the middle of a fieldLilly Chambler
7%

Score Distribution

Percentile by Number Answered

Percent of People with Each Score

Your Score History

You have not taken this quiz